000 00568nam a2200193 a 4500
001 1770453313128
003 YourLibrary
005 20260207140845.0
008 260207s1997##################000#0#eng##
020 _a9781858986593
082 0 4 _a330.122
_bDRE
100 1 _aStudies, European Association for Comparative Economic,
_eauthor.
245 1 0 _aThe Emergence and Evolution of Markets :
260 _bEdward Elgar Publishing,
_c1997.
300 _a248 pages
650 0 _aBusiness & Economics.
942 _cENGLISH
040 _aYourLibrary
_beng
_cYourLibrary
999 _c611070
_d611070